| 000 -CABECERA |
| Campo de control de longitud fija |
00886nam a22001817a 4500 |
| 008 - CAMPO FIJO DE DESCRIPCIÓN FIJA--INFORMACIÓN GENERAL |
| Campo de control de longitud fija |
231025b ||||| |||| 00| 0 eng d |
| 040 ## - FUENTE DE CATALOGACIÓN |
| Agencia de catalogación original |
CDMR |
| 110 ## - ENCABEZAMIENTO PRINCIPAL--NOMBRE CORPORATIVO |
| 9 (RLIN) |
4898 |
| Nombre corporativo o de jurisdicción como elemento de entrada |
ACAF Associació Colomenca d'Aficionats a la Fotografia |
| 245 ## - MENCIÓN DE TÍTULO |
| Título |
Homenaje a W. Eugene Smith |
| Parte restante del título |
: proyecto colectivo |
| Mención de responsabilidad, etc. |
/ [ACAF LIFE presenta] |
| 260 ## - PUBLICACIÓN, DISTRIBUCIÓN, ETC (PIE DE IMPRENTA) |
| Lugar de publicación, distribución, etc. |
Santa Coloma de Gramenet |
| Nombre del editor, distribuidor, etc. |
: ACAF, |
| Fecha de publicación, distribución, etc. |
2020 |
| 300 ## - DESCRIPCIÓN FÍSICA |
| Extensión |
35 p. |
| Otros detalles físicos |
: principalment fotografies en blanc i negre |
| Dimensiones |
; 32 cm |
| 505 ## - NOTA DE CONTENIDO FORMATEADA |
| Nota de contenido con formato preestablecido |
Recull de fotografies fetes per membres de l'ACAF (de la qual forma part en Joan Guerrero) inspirant-se en l'estil del fotoperiodista nord-americà W. Eugene Smith |
| 600 #0 - ASIENTO SECUNDARIO DE MATERIA--NOMBRE PERSONAL |
| 9 (RLIN) |
4899 |
| Nombre de persona |
Smith, W. Eugene |
| 650 #0 - ASIENTO SECUNDARIO DE MATERIA--TÉRMINO DE MATERIA |
| 9 (RLIN) |
3679 |
| Nombre de materia o nombre geográfico como elemento de entrada |
Fotoperiodisme |
| Subdivisión geográfica |
Catalunya |
| Subdivisión cronológica |
2020 |
| 700 1# - ENCABEZAMIENTO SECUNDARIO--NOMBRE PERSONAL |
| 9 (RLIN) |
490 |
| Nombre de persona |
Guerrero, Joan |
| 856 ## - ACCESO ELECTRÓNICO |
| Identificador uniforme del recurso URI |
<a href="https://www.acafsantacoloma.es/noticias/revista-acaf-life-proyecto-w-eugene-smith/">https://www.acafsantacoloma.es/noticias/revista-acaf-life-proyecto-w-eugene-smith/</a> |
| Texto del enlace |
Accés en línia |
| 942 ## - ELEMENTOS KOHA |
| Fuente de clasificación o esquema de ordenación en estanterías |
|
| Koha tipo de item |
Fullets |